000 nam a22 7a 4500
999 _c21351
_d21351
008 170121b xxu||||| |||| 00| 0 eng d
020 _a9780078135170
050 _aHF 5635 .W55 2013
100 _aWild, John J.
_d2013
245 _aFundamental Accounting principles/
_cJohn J. Wild, Ken W. Shaw, Barbara Chiappetta.
250 _a21st ed.
260 _aUSA:
_bMc Graw hill,
_c2013.
300 _axxxii, 479, (106)p.:
_bill.;
_c27cm.
521 _aIncludes index.
650 _aAccounting.
700 _aShaw, Ken W, Chiappetta Barbara.
942 _2lcc
_cBOOKS
_hHF 5635 .W55 2013